[Event "10th Kings Rapid RR 2016"]
[Site "Medias ROU"]
[Date "2016.11.29"]
[Round "9.4"]
[White "Vajda, Levente"]
[Black "Bulmaga, Irina"]
[Result "1-0"]
[WhiteTitle "GM"]
[BlackTitle "IM"]
[WhiteElo "2597"]
[BlackElo "2387"]
[WhiteFideId "1203975"]
[BlackFideId "13903063"]
[EventDate "2016.11.28"]

1. e4 e5 2. Nf3 Nc6 3. Bc4 Bc5 4. O-O Nf6 5. d3 d6 6. a4 a6 7. c3 Bb6 8. Bb3 h6
9. Nbd2 O-O 10. Nc4 Ba7 11. Be3 Be6 12. Bxa7 Rxa7 13. Re1 Ra8 14. Ne3 Bxb3 15.
Qxb3 Qd7 16. Nh4 Kh7 17. a5 Rab8 18. Qd1 g6 19. Nf3 Nh5 20. d4 exd4 21. cxd4
Rbe8 22. Nd5 Ne7 23. Nxe7 Rxe7 24. Qb3 c6 25. Nd2 Rfe8 26. Re3 Nf4 27. h3 d5 28.
e5 c5 29. Qb6 cxd4 30. Qxd4 Ne6 31. Qb4 Rc8 32. Rd1 Qe8 33. Nf3 Rc4 34. Qa3 Ra4
35. Qb3 d4 36. Re4 Nc5 37. Qd5 Nxe4 38. Qxe4 Rxa5 39. Rxd4 Rb5 40. Rd2 Kg8 41.
h4 Rexe5 42. Nxe5 Qxe5 43. Qb1 Kg7 44. g3 h5 45. Qc2 Rc5 46. Qd1 Qc7 47. Qf3
Rc1+ 48. Kg2 Qc6 49. Rd3 Qxf3+ 50. Kxf3 Rc4 51. Rb3 b5 52. Ra3 Rc2 53. Rxa6 Rxb2
54. Rb6 Kf8 55. Rb7 b4 56. Ke3 Kg7 57. Rb6 Kf8 58. Rb7 Ke8 59. f3 b3 60. Rb8+
Ke7 61. Rb6 Rb1 62. Kf2 Kd7 63. Kg2 Kc7 64. Rb4 Kc6 65. g4 Kc5 66. Rb7 1-0

[Event "10th Kings Rapid RR 2016"]
[Site "Medias ROU"]
[Date "2016.11.29"]
[Round "9.5"]
[White "Sgircea, Silvia-Raluca"]
[Black "Foisor, Cristina-Adela"]
[Result "1/2-1/2"]
[WhiteTitle "WIM"]
[BlackTitle "IM"]
[WhiteElo "2281"]
[BlackElo "2360"]
[WhiteFideId "1213776"]
[BlackFideId "1200496"]
[EventDate "2016.11.28"]

1. Nf3 Nf6 2. c4 g6 3. d4 Bg7 4. g3 O-O 5. Bg2 c6 6. O-O d5 7. Qb3 Qb6 8. Rd1
Be6 9. c5 Qxb3 10. axb3 Na6 11. Nc3 Bf5 12. Ra3 Be4 13. Bf4 Rfc8 14. Bh3 Bf5 15.
Bg2 Be4 16. Bh3 Bf5 17. Bg2 Be4 1/2-1/2